Normal view
MARC view
- Statue of Liberty (New York, N.Y.)
Entry Topical Term
001 - CONTROL NUMBER
- control field: 153705
003 - CONTROL NUMBER IDENTIFIER
- control field: TR-AnTOB
005 - DATE AND TIME OF LATEST TRANSACTION
- control field: 20260416102956.0
008 - FIXED-LENGTH DATA ELEMENTS
- fixed length control field: 260416n|eazannbab| |n aaa d
010 ## - LIBRARY OF CONGRESS CONTROL NUMBER
- LC control number: sh 85127593
035 ## - SYSTEM CONTROL NUMBER
- System control number: (DLC)sh 85127593
035 ## - SYSTEM CONTROL NUMBER
- System control number: (DLC)123153
035 ## - SYSTEM CONTROL NUMBER
- System control number: (TR-AnTOB)153705
040 ## - CATALOGING SOURCE
- Original cataloging agency: DLC
- Transcribing agency: DLC
- Modifying agency: TR-AnTOB
150 ## - HEADING--TOPICAL TERM
- Topical term or geographic name entry element: Statue of Liberty (New York, N.Y.)
400 1# - SEE FROM TRACING--PERSONAL NAME
- Personal name: Bartholdi, Frédéric Auguste,
- Dates associated with a name: 1834-1904.
- Title of a work: Liberty enlightening the world
450 ## - SEE FROM TRACING--TOPICAL TERM
- Topical term or geographic name entry element: Liberty enlightening the world (Statue)
450 ## - SEE FROM TRACING--TOPICAL TERM
- Topical term or geographic name entry element: Özgürlük Heykeli (New York, N.Y.)
550 ## - SEE ALSO FROM TRACING--TOPICAL TERM
- Control subfield: g
- Topical term or geographic name entry element: Statues
- Geographic subdivision: New York (State)
688 ## - APPLICATION HISTORY NOTE
- Institution to which field applies: TR-AnTOB
- Application history note: Op 16.04.2026
750 ## - ESTABLISHED HEADING LINKING ENTRY--TOPICAL TERM
- Authority record control number or standard number: https://lccn.loc.gov/sh85127593
- Source of heading or term: lcsh



